000 00506nam a2200181Ia 4500
999 _c1590
_d1590
003 OSt
005 20200928102153.0
008 190216s9999||||xx |||||||||||||| ||und||
020 _a8123910681
040 _coclc
082 _a574.192
_bGUP/P
100 _aGupta, R C
_93117
245 0 _aPractical Biochemistry /
_cR C Gupta ; S Bhargava
260 _bCbs Publishers,
_aNew Delhi:
_c2004.
300 _a188p
650 _aBotany
942 _cBK
_2ddc
_h574.192
_iGUP/P
_k574.192
_mGUP/P